| 000 | 00631cam a2200229 4500 | ||
|---|---|---|---|
| 008 | 090401t1993 xxu||||| |||| 00| 0 eng d | ||
| 020 | _a0851255531 | ||
| 035 | _a(Sirsi) u32639 | ||
| 041 | _aeng | ||
| 050 | _a694.01 | ||
| 110 | _aBuilding Research Establishment | ||
| 245 | _aBriefing guide for timber-framed housing. | ||
| 260 |
_aGarston, Watford _bBuilding Research Establishment _c1993 |
||
| 300 | _avi,36p. : ill. ; 30cm. | ||
| 350 | _a0 | ||
| 490 |
_aBRE Report _v233 |
||
| 650 | _aTIMBER-FRAME BUILDINGS | ||
| 650 | _aTIMBER-FRAME HOUSING | ||
| 690 | _aBUILT ENVIRONMENT | ||
| 942 | _n0 | ||
| 948 | _c04/03/1997 | ||
| 999 |
_c89751 _d89751 |
||